History Quizhanger #3 - Statistics

General Stats
  • This quiz has been taken 720 times
  • The average score is 8 of 13
Answer Stats
Clue Answer % Correct
First name of US president Eisenhower (D)wight
87%
The body part Lord Uxbridge lost at the Battle of Waterloo (L)eg
84%
Country formerly known as the Dutch East Indies (I)ndonesia
79%
The Byzantine empire’s successor which lasted from around 1299-1922 (O)ttoman
78%
Roman equivalent of Aphrodite (V)enus
70%
Explorer who, along with Clark, embarked on the ‘Corps of Discovery’ expedition in order to map and explore the western half of the US (L)ewis
67%
British monarch who abdicated in 1936 as a result of his desire to marry Wallis Simpson (E)dward VIII
66%
Roman name for London (L)ondinium
60%
Code name for the operation of the Allied invasion of Western Europe in 1944 (O)verlord
57%
The name for St Petersburg for 10 years until Lenin’s death (P)etrograd
50%
Two mathematicians independently discovered calculus. Newton and .... (L)eibniz
42%
First name of German General Ludendorff (E)rich
40%
COLONIAL NAME FOR AN AFRICAN CITY Leopoldville
35%
No matching quizzes found
Score Distribution
Percent of People with Each Score
Percentile by Number Answered
Your Score History
You have not taken this quiz